000
00392nam a22001697a 4500
003
MPLRDC
005
20220104125204.0
008
210129b ||||| |||| 00| 0 eng d
082
_a
857.9 CQY-48
100
_a
陈青云
245
_a
索血令
_c
250
_a
初版
260
_a
_b
武侠春秋出版社
_c
1971
300
_b
平
650
_a
武侠小说
942
_c
BK
_o
857.9 CQY-48
999
_c
25363
_d
25353